书目信息 |
| 题名: |
早晨设计
|
|
| 作者: | 魏来 主编 | |
| 分册: | ||
| 出版信息: | 北京 中国建筑工业出版社 2004.09 |
|
| 页数: | 235页 | |
| 开本: | 31cm | |
| 丛书名: | 中国设计公司年鉴丛书 | |
| 单 册: | ||
| 中图分类: | J524 | |
| 科图分类: | ||
| 主题词: | 艺术--yi shu--设计--中国--现代--作品集 | |
| 电子资源: | ||
| ISBN: | 7-112-06732-4 | |
| 000 | 00957nam 2200265 450 | |
| 001 | 012008638907 | |
| 005 | 20080118090611.89 | |
| 010 | @a7-112-06732-4@dCNY98.00 | |
| 100 | @a20080118d2004 em y0chiy0120 ea | |
| 101 | 0 | @achi |
| 102 | @aCN@b110000 | |
| 105 | @aa z 000yy | |
| 106 | @ar | |
| 200 | 1 | @a早晨设计@Azao chen she ji@d= Morning design@f魏来主编@Fwei lai zhu bian@zeng |
| 210 | @a北京@c中国建筑工业出版社@d2004.09 | |
| 215 | @a235页@c彩图@d31cm | |
| 225 | 2 | @a中国设计公司年鉴丛书@Azhong guo she ji gong si nian jian cong shu |
| 330 | @a本书包括广告设计、海报设计、版面设计、形象设计、出版、空间展示等设计内容,其中版面设计里有为张艺谋参展奥斯卡奖评选的电影《英雄》设计的画册片段。 | |
| 410 | 0 | @12001 @a中国设计公司年鉴丛书 |
| 510 | 1 | @aMorning design@zeng |
| 606 | 0 | @a艺术@Ayi shu@x设计@y中国@z现代@j作品集 |
| 690 | @aJ524@v4 | |
| 701 | 0 | @a魏来@Awei lai@4主编 |
| 801 | 0 | @aCN@bQSSK@c20080118 |
| 905 | @b279250@dJ524@eW592@f1 | |
| 早晨设计= Morning design/魏来主编.-北京:中国建筑工业出版社,2004.09 |
| 235页:彩图;31cm.-(中国设计公司年鉴丛书) |
| ISBN 7-112-06732-4:CNY98.00 |
| 本书包括广告设计、海报设计、版面设计、形象设计、出版、空间展示等设计内容,其中版面设计里有为张艺谋参展奥斯卡奖评选的电影《英雄》设计的画册片段。 |
| ● |
| 相关链接 |
|
|
|
正题名:早晨设计
索取号:J524/W592
 
预约/预借
| 序号 | 登录号 | 条形码 | 馆藏地/架位号 | 状态 | 备注 |
| 1 | 279250 | 202792503 | 社科库309/309社科库 86排4列5层/ [索取号:J524/W592] | 在馆 |